00342nam a2200109Ia 4500008004000000082001500040100002200055245008500077260004200162300001200204650001600216210210b1971 xxu||||| |||| 00| 0 eng d a380.5 SRIE aSRIVASTAVA (S K). aEconomics of transport with special reference to transport development in India. aNew Delhi.bS. Chand & Co. Ltd.c1971 axix,548 aTransport